00433nam a2200145Ia 4500008004100000020001800041082001200059100001800071245002800089260000800117500001400125942000700139952012600146999001500272260604s9999 xx 000 0 und d a9789349983021 a001 PAN aPANDEY935284 0aINDIAN KNOWLEDGE SYSTEM bDPS aKnowledge cBK 00104070aIIMVbIIMVcGENERALd2026-06-04g795.00l0o001 PANp003692r2026-06-04 10:18:50v795.00w2026-06-04yBKBPAN c8074d8074